00671nam a2200241 a 4500001001300000003000900013005001700022008004100039020001000080082001600090100001900106245002200125260003500147300000900182500003500191505001000226650003000236700001900266902000800285942000700293952011600300999001300416nice12345678IN_TiNIC20260116011348.0050524s1923 para grp 000 0 fre  ac10000a892.73bHUA aHuart, Clement aLitterature Arabe aParisbLibraire Anciennec1923 a470p aincludes index and biblioraphy2 aIndex aArabic-Literature History1 aHuart, Clement bSRS cBK 001040708StackRoom-aHMIbHMId2008-09-17g100.00l0o892.73 HUAp00710r2008-09-17v100.00w2005-05-24yBK c866d866